01459cam a2200349 a 4500003000500000005001700005008004100022010001000063011001000073035001000083040000900093100003600102245013700138260004100275300001100316500007500327590004100402590004100443590004100484590004200525650003900567650003200606650003700638901000700675905002300682942000900705949006200714949004900776999001700825952014000842952012700982CHAP20220817043802.0010730d2001 mx 00 spa d a84376 a85348 a95881 cCHAP00aNolasco Linares, Sergio.98161100aEvaluación del impacto del programa fomento lechero, en el estado de Hidalgo, en el ejercicio de 1999c/por Sergio Nolasco Linares aChapingo, Méx. :bEl autor,c2001. a121 h. aTesis (Ing. Agr. Esp. en Zootecnia) -- UACH. Departamento de Zootecnia aBATCH-UPDb10c20130110lUCH01h0637 aBATCH-UPDb10c20130410lUCH01h0321 aBATCH-UPDb10c20130914lUCH01h1635 aCONVERSIONb10c20130109lUCH01h134714aIndustria lecheraxHidalgo.95784014aLechexProducción.96540014aPolítica agrícolazMéxico. aBK aLilia Sánchez G. cFOLL aTesisbBCcTESd33724000839262eTS2fc.2h38309i95881sb aTesisbBCcTESd958811eTS1h38308i95881sb c84376d84376 00102local4053708TESISaBCbBCcPA_TESISd2019-12-31fTESISl0oTesisp33724000839262r2019-12-31 00:00:00tc.2w2019-12-31yTESIS 00102local4051708TESISaBCbBCcPA_TESISd2019-12-31fTESISl0oTesisp958811r2019-12-31 00:00:00w2019-12-31yTESIS